| 000 | 00476nam a2200181Ia 4500 | ||
|---|---|---|---|
| 999 |
_c1595 _d1595 |
||
| 020 | _a81-7033-176-x | ||
| 082 | _a001.42 PAT-S | ||
| 100 | _aPattnaik, Binay Kuma; | ||
| 245 | 0 | _aScientific temper: an empirical study | |
| 260 |
_aJaipur _bRawat Publications _c1992 |
||
| 300 | _a218p. | ||
| 504 | _aIncludes index | ||
| 650 | _aEmpiricism | ||
| 650 | _aScience - Social aspects | ||
| 650 | _aScience - Study and teaching | ||
| 650 | _aScience - Methodology | ||
| 942 | _cBK | ||